000 00317nam a22001337a 4500
008 170622b xxu||||| |||| 00| 0 eng d
020 _a9780742500235
041 _aeng
080 _a327
100 _a20
101 _aSHP
245 _aTHE EUROPEAN UNION INTERNATIONAL POLITICS
_cGINSBERG.R.H
942 _2udc
_cBK
999 _c18620
_d18620